Statistics for Progressive Rock artists by song

Click here to take the quiz!

General Stats

  • This quiz has been taken 630 times
  • The average score is 7 of 15

Answer Stats

HintAnswer% Correct
In the Court of the Crimson KingKing Crimson
91%
Carry on Wayward SonKansas
77%
Wonderous StoriesYes
75%
Dance On A VolcanoGenesis
69%
La Villa StrangiatoRush
64%
One of My TurnsPink Floyd
59%
Hocus PocusFocus
58%
Minstrel in the GalleryJethro Tull
55%
A Whiter Shade of PaleProcol Harum
53%
Heat of the MomentAsia
48%
Radar LoveGolden Earring
37%
Hold Your Head UpArgent
25%
The King Will ComeWishbone Ash
13%
Editions of YouRoxy Music
10%
Song of the WhaleTangerine Dream
5%

Score Distribution

Percentile by Number Answered

Percent of People with Each Score

Your Score History

You have not taken this quiz